| 000 | 00816nam a2200277 a 4500 | ||
|---|---|---|---|
| 001 | 44083 | ||
| 003 | AR-BaAGN | ||
| 005 | 20231223062720.0 | ||
| 007 | ta | ||
| 008 | 220625s2013 ag |||||r|||| ||||||spa d | ||
| 020 | _a978-950-23-2145-5 | ||
| 040 |
_dAR-BaAGN _aAR-BaAGN _bspa _eaacr |
||
| 100 | 1 |
_aGargarella, Roberto, _d1964- _9390 |
|
| 245 | 1 | 0 |
_aLos derechos sociales en la Gran Buenos Aires : _balgunas reflexiones desde la teoría, las instituciones y la acción |
| 250 | _a1ª ed. | ||
| 260 |
_aBuenos Aires : _bEudeba, _c2013. |
||
| 300 | _a590 páginas | ||
| 336 |
_2rdacontent _btxt |
||
| 337 |
_2rdamedia _bn |
||
| 338 |
_2rdacarrier _bnc |
||
| 650 | 4 |
_aDERECHOS HUMANOS _91641 |
|
| 700 | 1 |
_aBercovich, Luciana corrd. _epbd |
|
| 700 | 1 |
_aMaurino, Gustavo _epbd |
|
| 942 | _cLIBRO | ||
| 999 |
_c44083 _d44083 |
||